000
00257nam a22001217a 4500
008
170307b xxu||||| |||| 00| 0 eng d
041
_a
eng
080
_a
611
100
_a
6
101
_a
shm
245
_a
PRIMARY ANATOMY
_c
BASMAJLIAN, J.V
942
_2
udc
_c
BK
999
_c
6986
_d
6986